000 00918nac a22002531u 4500
010 _a 2003044176
020 _a0070616728 :
082 0 0 _a681.2
_bDOE
090 _c8680
_d8680
100 _aDoebelin, Ernest O.
245 1 0 _aMeasurement systems : application and design /
_bapplication and design /
_cErnest O. Doebelin ; Dhanesh N. Manik
250 _a5th ed.
260 _aNew Delhi :
_bMcGraw-Hill,2007
_cc2007.
300 _axxvi, 700 p. :
_bill. ;
_c24 cm.
500 _aspecial Indian Edition
500 _aDistributer: Al-Ahram
504 _aIncludes bibliographical references and index.
511 _aCatalogued by: Sara
650 0 _aMeasuring instruments.
650 0 _aPhysical measurements.
700 _aManik, Dhanesh N.
942 _cBB
_k681.2DOE
999 _c8680
_d8680